000 00617nam a2200193 a 4500
005 20210219160216.0
008 080925s2000 mx r 000 0 spa d
035 _aUPN01000160968
049 _aUNE
080 _aDO 341.16: 001 (093.2) RES4a. ex.1985.
110 2 _aUNESCO. Consejo Ejecutivo,4a.ext.; 1985 : París
245 1 0 _aActas resumidas.
260 _aParís : UNESCO, 1985.
300 _a118 p.
500 _aIncluye texto en inglés, francés, chino, ruso y español
690 _aAcuerdos- Consejo Ejecutivo de la UNESCO
690 _aConsejo Ejecutivo de la UNESCO- Acuerdos
905 _aUNESCO
999 _c133081
_d133081